Maximum Security: A Hacker's Guide to Protecting Your Internet Site and (Record no. 191622)
[ view plain ]
| 000 -LEADER | |
|---|---|
| fixed length control field | 00541 a2200145 4500 |
| 003 - CONTROL NUMBER IDENTIFIER | |
| control field | Nust |
| 005 - DATE AND TIME OF LATEST TRANSACTION | |
| control field | 20170207154020.0 |
| 040 ## - CATALOGING SOURCE | |
| Transcribing agency | Nust |
| 100 ## - MAIN ENTRY--PERSONAL NAME | |
| Personal name | Mark Taber |
| 245 ## - TITLE STATEMENT | |
| Title | Maximum Security: A Hacker's Guide to Protecting Your Internet Site and |
| Remainder of title | Network (E-Book) |
| Statement of responsibility, etc. | Mark Taber |
| 260 ## - PUBLICATION, DISTRIBUTION, ETC. | |
| Date of publication, distribution, etc. | © Copyright, Angel722 |
| 300 ## - PHYSICAL DESCRIPTION | |
| Extent | 670 P; |
| 505 ## - FORMATTED CONTENTS NOTE | |
| Formatted contents note | I Setting the Stage - II Understanding the Terrain - III Tools - IV Platforms and Security - V Beginning at Ground Zero - VI The Remote Attack - VII The Law - VIII Appendixes |
| 651 ## - SUBJECT ADDED ENTRY--GEOGRAPHIC NAME | |
| Geographic name | (E-Book) |
| 942 ## - ADDED ENTRY ELEMENTS (KOHA) | |
| Source of classification or shelving scheme | |
| Koha item type | Book |
| Withdrawn status | Lost status | Source of classification or shelving scheme | Damaged status | Not for loan | Collection code | Permanent Location | Current Location | Date acquired | Total Checkouts | Barcode | Date last seen | Price effective from | Koha item type |
|---|---|---|---|---|---|---|---|---|---|---|---|---|---|
| Military College of Signals (MCS) | Military College of Signals (MCS) | 12/12/2016 | MCSEB-389 | 12/08/2016 | 12/12/2016 | Book |
